Score 0/60 Timer 06:00
4 Plays Today
% Correct
Prime Minister
89.4%
Prime Minister
89.2%
Prime Minister
88.6%
Wimbledon
87.9%
Wimbledon
87.3%
Prime Minister
86.9%
Wimbledon
85.8%
Prime Minister
85.4%
Wimbledon
83.9%
Liverpool F.C.
83.7%
Liverpool F.C.
83.6%
Prime Minister
83.5%
Wimbledon
83.2%
Wimbledon
82.6%
Liverpool F.C.
82.5%
Liverpool F.C.
81.4%
Liverpool F.C.
78.7%
Prime Minister
77.9%
Prime Minister
76.2%
Prime Minister
75.7%
Prime Minister
75.5%
Prime Minister
74.1%
Prime Minister
73.2%
Liverpool F.C.
73.2%
Prime Minister
73.1%
Wimbledon
71.7%
Wimbledon
71.5%
Wimbledon
70.7%
Prime Minister
69.6%
Wimbledon
68.8%
% Correct
Wimbledon
68.3%
Wimbledon
67.1%
Nobel
64.9%
Nobel
62.1%
Nobel
60.6%
Liverpool F.C.
59.5%
Nobel
58.9%
Nobel
58.7%
Prime Minister
58.1%
Liverpool F.C.
56.3%
Nobel
56%
Liverpool F.C.
54.9%
Nobel
54.6%
Nobel
52.7%
Nobel
52.2%
Nobel
51.4%
Nobel
51%
Nobel
48%
Nobel
46.6%
Nobel
46.6%
Nobel
45.2%
Liverpool F.C.
44%
Wimbledon
41.6%
Wimbledon
40.9%
Wimbledon
35%
Liverpool F.C.
34.4%
Liverpool F.C.
32.8%
Liverpool F.C.
32.2%
Liverpool F.C.
30.2%
Liverpool F.C.
29.8%
Remove Ads.
Support Sporcle.
Get the best of Sporcle when you Go Orange. This ad-free experience offers more features, more stats, and more fun while also helping to support Sporcle. Thank you for becoming a member.

You're not logged in!

Compare scores with friends on all Sporcle quizzes.
OR
Log In

Show Comments

Extras

Top Quizzes Today


Score Distribution

Your Account Isn't Verified!

In order to create a playlist on Sporcle, you need to verify the email address you used during registration. Go to your Sporcle Settings to finish the process.

Report this User

Report this user for behavior that violates our Community Guidelines.

Details: